000 00311nam a22001457a 4500
999 _c10164
_d10164
020 _a1-56821-496-0
082 _a616.891
100 _aLewis R.Wolberg
245 _aThe Technique of Psychotherapy
250 _a4th
260 _aUSA
_bPearson
_c1995
300 _a820
650 _aPsychology
942 _cBK